Central Library OPAC University of Rajshahi

Economics of development in village India / (Record no. 34115)

MARC details
000 -LEADER
fixed length control field 01089nam a2200277 a 4500
001 - CONTROL NUMBER
control field 34115
003 - CONTROL NUMBER IDENTIFIER
rucl marc code BD-RjUL
005 - DATE AND TIME OF LATEST TRANSACTION
control field 20211209052116.0
008 - FIXED-LENGTH DATA ELEMENTS--GENERAL INFORMATION
fixed length control field 140514t1967 enkab b 001 0 eng d
035 ## - SYSTEM CONTROL NUMBER
System control number (BD-RjUL)34209
040 ## - CATALOGING SOURCE
Original cataloging agency DLC
Transcribing agency DLC
Modifying agency m.c
-- EUX
-- UkOxU
-- BD-RjUL
Language of cataloging eng
041 ## - LANGUAGE CODE
Language code of text/sound track or separate title eng
082 04 - DEWEY DECIMAL CLASSIFICATION NUMBER
Classification number 301.35095482
Author mark and year HAE 1967
100 1# - MAIN ENTRY--PERSONAL NAME
Personal name Haswell, Margaret Rosary.
9 (RLIN) 9390
245 10 - TITLE STATEMENT
Title Economics of development in village India /
Statement of responsibility, etc. by M.R. Haswell ; foreword by Colin Clark
260 ## - PUBLICATION, DISTRIBUTION, ETC. (IMPRINT)
Place of publication, distribution, etc. London :
Name of publisher, distributor, etc. Routledge & Kegan Paul ;
Place of publication, distribution, etc. New York :
Name of publisher, distributor, etc. Humanities Press,
Date of publication, distribution, etc. c1967
300 ## - PHYSICAL DESCRIPTION
Pagination xi, 105 p. :
Illustrations ill. ;
Size 23 cm
490 1# - SERIES STATEMENT
Series statement International library of sociology and social reconstruction (Routledge & Kegan Paul)
504 ## - BIBLIOGRAPHY, ETC. NOTE
Bibliography, etc Includes bibliographical references and index.
650 #0 - SUBJECT ADDED ENTRY--TOPICAL TERM
Topical term or geographic name as entry element Agriculture
General subdivision Economic aspects
Geographic subdivision India
-- Tamil Nadu.
9 (RLIN) 103711
Topical term or geographic name as entry element Villages
Geographic subdivision India
-- Tamil Nadu.
9 (RLIN) 103712
830 #0 - SERIES ADDED ENTRY--UNIFORM TITLE
Uniform title International library of sociology and social reconstruction (Routledge & Kegan Paul)
942 ## - ADDED ENTRY ELEMENTS (KOHA)
Source of classification or shelving scheme Dewey Decimal Classification
Koha item type Books
Holdings
Lost status Source of classification or shelving scheme Damaged status Not for loan Collection code Permanent Location Current Location Shelving location Date acquired Source of acquisition Cost, normal purchase price Total Checkouts Full call number Date last seen Copy number Koha item type
  Dewey Decimal Classification   Not For Loan Non-fiction Central Library, University of Rajshahi Central Library, University of Rajshahi Reading Room 17/11/1970 sweets and zethinger 21.00   301.35095482 HAE 1967 14/05/2014 C-1 Books